On axiom A diffeomorphisms

Αποθηκεύτηκε σε:
Λεπτομέρειες βιβλιογραφικής εγγραφής
Κύριος συγγραφέας: Bowen, Rufus, 1947-1978
Συγγραφή απο Οργανισμό/Αρχή: Conference Board of the Mathematical Sciences
Μορφή: Βιβλίο
Γλώσσα:English
Δημοσίευση: Providence : Published for the Conference Board of the Mathematical Sciences by the American Mathematical Society, c1978
Σειρά:Regional conference series in mathematics ; ; 35
Θέματα:
Ετικέτες: Προσθήκη ετικέτας
Δεν υπάρχουν, Καταχωρήστε ετικέτα πρώτοι!

MARC

LEADER 00000cam a2200000 i 4500
001 1/47129
008 941103s1978 eng d
020 |a 0821816853 
035 |l 10042981 
035 |a 1993 
040 |a GR-MY-UA  |b gre  |e aacr 
041 0 |a eng 
082 0 |a 514.7 
100 1 |a Bowen, Rufus,   |d 1947-1978. 
245 1 0 |a On axiom A diffeomorphisms /  |c by Rufus Bowen 
260 |a Providence :   |b Published for the Conference Board of the Mathematical Sciences by the American Mathematical Society,   |c c1978 
300 |a vii, 45 p.;  |b ill.;  |c 26 cm 
490 1 |a Regional conference series in mathematics  |v ; 35 
500 |a "Expository lectures from the CBMS regional conference held at North Dakota State University, June 20-24, 1977." 
504 |a Bibliography: p. 44-45 
650 0 0 |a Diffeomorphisms. 
650 0 0 |a Differentiable dynamical systems. 
650 0 0 |a Topological dynamics. 
710 2 |a Conference Board of the Mathematical Sciences. 
830 0 |a Regional conference series in mathematics ;  |v ; 35 
852 |a INST  |b SAMOS  |e 19941103  |h 514.7 BOW  |p 005300007454  |q 005300007454  |t BK  |y 0 
909 |a Σ  |b 033608